| 000 | 00899nam a22002537a 4500 | ||
|---|---|---|---|
| 999 |
_c18132 _d18132 |
||
| 003 | AR-CdUCM | ||
| 008 | 190513b ||||| |||| 00| 0 spa d | ||
| 040 |
_aMUNICIPALIDAD PROVINCIAL DEL CUSCO _cBIBLIOTECA MUNICIPAL DEL CUSCO |
||
| 041 | _heng | ||
| 082 |
_23ed. _a370 / _bD65 |
||
| 100 |
_aDewey, John _96029 |
||
| 245 | _aLa ciencia de la educación / | ||
| 260 |
_aBuenos Aires : _bLosada, _c1948. |
||
| 300 |
_a140 páginas ; _c19 cm. |
||
| 440 |
_aBiblioteca del maestro ; _n6 _938538 |
||
| 505 | _aContenido: Las fuentes de una ciencia de la educación -- Las técnicas prestadas son insuficientes -- Leyes contra normas -- La filosofía de la educación ... | ||
| 650 |
_aEducación _9460 |
||
| 650 |
_aPedagogía _91560 |
||
| 650 |
_aCiencia _92098 |
||
| 650 |
_aFilosofía _9395 |
||
| 700 |
_aLuzuriaga, Lorenzo (traductor) _99920 |
||
| 942 |
_2ddc _cLIBROS |
||
| 945 |
_aacv _d2019-05-13 |
||